Statistics for Every City in Yukon Territory on a Map

Click here to take the quiz!

General Stats

  • This quiz has been taken 98 times
  • The average score is 5 of 8

Answers on the Map

Answers color-coded by a green-red scale on the quiz's map according to % correct below.
Loading ...
 

Answer Stats

Pop.City% Correct
25,085Whitehorse
99%
1,375Dawson
81%
200Mayo
57%
790Watson Lake
53%
493Carmacks
51%
348Faro
51%
613Haines Junction
47%
124Teslin
47%

Score Distribution

Percentile by Number Answered

Percent of People with Each Score

Your Score History

You have not taken this quiz